| 000 | 00836nas a2200277 4500 | ||
|---|---|---|---|
| 001 | BR7903786 | ||
| 003 | BR-BrBNA | ||
| 005 | 20231205083809.0 | ||
| 007 | ta | ||
| 008 | 230509b bl.|||p| |||| 00| 00por d | ||
| 040 |
_aBR-BrBNA _bpor _cBiblioteca Nacional de Agricultura |
||
| 041 | _a(Pt) | ||
| 072 | _aL74 | ||
| 100 | 1 | _aPuga, F.R. | |
| 100 | 1 | _aMello, D. | |
| 100 | 1 | _aGaeta, R. (Instituto Biologico, Sao Paulo, SP (Brazil)) | |
| 245 | 1 | _aDeterminacao da toxicidade dermica de pesticidas em ratos por diferentes metodos [Mus rattus] | |
| 650 | _aDISTURBIO ANIMAL | ||
| 650 | _aRATO | ||
| 650 | _aTOXINA | ||
| 650 | _aPESTICIDA | ||
| 650 | _aINTOXICACAO | ||
| 773 | 0 |
_tBiologico (Brazil) _xISSN 0045-2041 _g(Jan 1978), v. 44(1) p. 11-16 _wBR7903786 |
|
| 909 |
_a202311 _bLúcia _c55 _dLúcia Elande |
||
| 942 |
_2AGRIS _n0 _cANA |
||
| 999 |
_c101249 _d101249 |
||